| 000 | 00476pam a2200157a 44500 | ||
|---|---|---|---|
| 008 | 230515b1978 xxu||||| |||| 00| 0 eng d | ||
| 020 | _aNULL | ||
| 041 | _aENGLISH | ||
| 082 | _a630 | ||
| 100 | _aIS: 2720-1977 | ||
| 245 | _aMETHODS OF TEST FOR SOILS PORT III DETERMINATION OF SPECIFIC GRAVITY SECTION -2 FINE MEDIUM & COARSE GRAINED SOILS PART- XXI -DETERMINATION OF TOTAL SOLUBLE SOLIDS | ||
| 250 | _a0 | ||
| 260 |
_aDELHI _bISI _c1978 |
||
| 300 | _a19 | ||
| 650 | _aNULL | ||
| 999 |
_c652598 _d652598 |
||